书目信息 |
| 题名: |
彩绘图解全人体刮痧
|
|
| 作者: | 耿引循 主编 | |
| 分册: | ||
| 出版信息: | 南昌 江西科学技术出版社 2021 |
|
| 页数: | 225页 | |
| 开本: | 25cm | |
| 丛书名: | ||
| 单 册: | ||
| 中图分类: | R244.4-64 , R244.4 | |
| 科图分类: | ||
| 主题词: | 刮搓疗法--图解 | |
| 电子资源: | ||
| ISBN: | 978-7-5390-7720-8 | |
| 000 | 00799nam0 2200229 450 | |
| 001 | 2344343491 | |
| 005 | 20231204121912.20 | |
| 010 | @a978-7-5390-7720-8@dCNY68.00 | |
| 100 | @a20220628d2021 em y0chiy50 ea | |
| 101 | 0 | @achi |
| 102 | @aCN@b360000 | |
| 105 | @aa z 000yy | |
| 200 | 1 | @a彩绘图解全人体刮痧@Acai hui tu jie quan ren ti gua sha@f耿引循主编 |
| 210 | @a南昌@c江西科学技术出版社@d2021 | |
| 215 | @a225页@d25cm | |
| 330 | @a本书介绍了一直以来隐藏在人体内部的神奇的自愈能力,并展示激发它的好方法——刮痧。此外,书中从现代社会生活出发,介绍了百余种常见病、多发病、日常不适症状以及美容问题的刮痧法。 | |
| 606 | 0 | @a刮搓疗法@j图解 |
| 690 | @aR244.4-64@v5 | |
| 690 | @aR244.4@v4 | |
| 701 | 0 | @a耿引循@Ageng yin xun@4主编 |
| 801 | 0 | @aCN@b91MARC@c20220714 |
| 905 | @aZUCC@dR244.4@e29 | |
| 彩绘图解全人体刮痧/耿引循主编.-南昌:江西科学技术出版社,2021 |
| 225页;25cm |
| ISBN 978-7-5390-7720-8:CNY68.00 |
| 本书介绍了一直以来隐藏在人体内部的神奇的自愈能力,并展示激发它的好方法——刮痧。此外,书中从现代社会生活出发,介绍了百余种常见病、多发病、日常不适症状以及美容问题的刮痧法。 |
| ● |
| 相关链接 |
|
|
|
正题名:彩绘图解全人体刮痧
索取号:R244.4/29
 
预约/预借
| 序号 | 登录号 | 条形码 | 馆藏地/架位号 | 状态 | 备注 |
| 1 | 2001259453 | 2001259453 | 辽宁北方(第一批)/辽宁北方(第一批)/149/ [索取号:R244.4/29] | 在馆 | |
| 2 | 2001259454 | 2001259454 | 辽宁北方(第一批)/辽宁北方(第一批)/149/ [索取号:R244.4/29] | 在馆 | |
| 3 | 2001259455 | 2001259455 | 辽宁北方(第一批)/辽宁北方(第一批)/149/ [索取号:R244.4/29] | 在馆 | |
| 4 | 2001259456 | 2001259456 | 辽宁北方(第一批)/辽宁北方(第一批)/149/ [索取号:R244.4/29] | 在馆 | |
| 5 | 2001259457 | 2001259457 | 辽宁北方(第一批)/辽宁北方(第一批)/149/ [索取号:R244.4/29] | 在馆 | |
| 6 | 2001259458 | 2001259458 | 辽宁北方(第一批)/辽宁北方(第一批)/149/ [索取号:R244.4/29] | 在馆 |